Elenca la formazione - Quiz n°132 - Statistics

Statistiche generali
  • Questo quiz è stato fatto 76 volte
  • Il punteggio medio è 5 su 11
Statistiche sulle risposte
Ruolo Nazione Calciatore % Corretto
Difensore Marocco Achraf Hakimi
97%
Portiere Costa Rica Keylor Navas
97%
Attaccante Germania Julian Draxler
70%
Attaccante Argentina Mauro Icardi
67%
Difensore Francia Presnel Kimpembe
60%
Difensore Germania Thilo Kehrer
52%
Centrocampista Portogallo Danilo Pereira
48%
Centrocampista Spagna Ander Herrera
34%
Difensore Ghana Abdou Diallo
15%
Attaccante Francia Arnaud Kalimuendo
1%
Centrocampista Francia Eric Junior Dina-Ebimbe
0%
Nessun quiz corrispondente trovato
Distribuzione punteggi
Percentuale di utenti per punteggio
Percentile per numero di risposta
I tuoi punteggi nel tempo
Non hai fatto questo quiz